| 000 | 00395nam a2200157Ia 4500 | ||
|---|---|---|---|
| 008 | 210210b1959 xxu||||| |||| 00| 0 eng d | ||
| 082 | _a515.3 SHAD | ||
| 100 | _aSHANTI NARAYAN. | ||
| 245 | _aDifferential calculus. Ed.9 | ||
| 250 | _a | ||
| 260 |
_aDelhi _bS. Chand & Co. Ltd. _c1959 |
||
| 300 | _a408 | ||
| 650 | _aDifferential calculus | ||
| 690 | _aDifferential Calculus | ||
| 906 | _a042326 | ||
| 999 |
_c92393 _d92393 |
||